| 000 | 00655nam a22002297a 4500 | ||
|---|---|---|---|
| 005 | 20250204112423.0 | ||
| 008 | 250203b |||||||| |||| 00| 0 eng d | ||
| 020 | _a978-81-977852-8-3 | ||
| 037 | _cTB | ||
| 040 |
_aAL _cAL |
||
| 041 |
_2eng _aeng |
||
| 084 |
_aLB R4 _qAL |
||
| 100 |
_aMishra, Bhujendra _9734938 |
||
| 245 |
_aAyurveda: _bLife of balance |
||
| 260 |
_aNew Delhi, India: _bCyber Tech Publications, _c2024. |
||
| 300 | _a232p. | ||
| 365 |
_b1800.00 _cINR |
||
| 546 | _aeng | ||
| 650 | _aAyurveda | ||
| 942 |
_2CC _cTB _hLB R4 _n0 |
||
| 999 |
_c1238336 _d1238336 |
||